000 00770nam a22002537a 4500
001 BR7320011
003 BR-BrBNA
005 20230928084334.0
007 ta
008 230509b bl.||||| |||| 00| 0 por d
040 _aBR-BrBNA
_bpor
_cBiblioteca Nacional de Agricultura
041 _a(Por)
072 _aE70
_b1540
_b9310
_b/G514
090 _ 1540 BR7320011
110 1 _aBanco do Brasil S.A., Rio de Janeiro, GB (Brasil). Carteira de Comercio Exterior
_91105
245 1 _aFarinha de mandioca e produtos amilaceos, normas de classificacao exportavel [Brasil]
260 3 _aRio de Janeiro, GB (Brasil):
_c1971.
300 _a24 p.
650 _aMANDIOCA
650 _aFARINHA
650 _aEXPORTACAO
909 _a202309
_bLucia
_c55
_dLucia Elande
942 _cBK
999 _c18267
_d18267